Costa Rica: una interpretación socio-política de su desarrollo reciente, 1930-1975

Kaydedildi:
Detaylı Bibliyografya
Yazar: Vega Carballo, José Luis
Materyal Türü: Metin
Baskı/Yayın Bilgisi: s.n.t. :
Etiketler: Etiketle
Etiket eklenmemiş, İlk siz ekleyin!

MARC

LEADER 00000 a a2200000 04500
001 16312
003
040 |a CRAI/IIS  |c CRAI/IIS 
090 |a 013700  
100 |a Vega Carballo, José Luis  
245 |a Costa Rica: una interpretación socio-política de su desarrollo reciente, 1930-1975  
260 |a s.n.t. :  
300 |a 45 p.  
999 |c 3942  |d 3942